Cómo surgen las nuevas iglesias : (Registro nro. 63289)

Detalles MARC
000 -LEADER
campo de control de longitud fija 04490nam a22003134i 4500
003 - IDENTIFICADOR DE NÚMERO DE CONTROL
campo de control PE-LiUPU
005 - FECHA Y HORA DE LA ÚLTIMA TRANSACCIÓN
campo de control 20260218082736.0
008 - DATOS DE LONGITUD FIJA--INFORMACIÓN GENERAL
campo de control de longitud fija 130816s2013 ag a b 001 0 spa d
020 ## - NÚMERO INTERNACIONAL ESTÁNDAR DEL LIBRO
Número Internacional Estándar del Libro 9789871378296
035 ## - NÚMERO DE CONTROL DEL SISTEMA
Número de control de sistema PE-LiUPU000018
040 ## - FUENTE DE CATALOGACIÓN
Centro catalogador/agencia de origen PE-LiUPU
Lengua de catalogación spa
Centro/agencia transcriptor PE-LiUPU
Normas de descripción rda
082 04 - NÚMERO DE LA CLASIFICACIÓN DECIMAL DEWEY
Número de clasificación 254.5
Cutter R687c
Número de edición 23
100 1# - ENTRADA PRINCIPAL--NOMBRE DE PERSONA
Nombre de persona Rode, Daniel Julio,
Término indicativo de función/relación autor.
9 (RLIN) 8064
245 10 - MENCIÓN DEL TÍTULO
Título Cómo surgen las nuevas iglesias :
Resto del título algunos aportes y experiencias latinoamericanas /
Mención de responsabilidad, etc. Daniel Julio Rode.
250 ## - MENCION DE EDICION
Mención de edición Primera edición.
264 #1 - PRODUCCIÓN, PUBLICACIÓN, DISTRIBUCIÓN, FABRICACIÓN Y COPYRIGHT
Producción, publicación, distribución, fabricación y copyright Libertador San Martín, Entre Ríos :
Nombre del de productor, editor, distribuidor, fabricante Editorial Universidad Adventista del Plata,
Fecha de producción, publicación, distribución, fabricación o copyright 2013.
300 ## - DESCRIPCIÓN FÍSICA
Extensión 170 páginas ;
Dimensiones 23 cm
336 ## - TIPO DE CONTENIDO
Término de tipo de contenido text
Fuente rdacontent
337 ## - TIPO DE MEDIO
Nombre/término del tipo de medio unmediated
Fuente rdamedia
338 ## - TIPO DE SOPORTE
Nombre/término del tipo de soporte volume
Fuente rdacarrier
504 ## - NOTA DE BIBLIOGRAFÍA, ETC.
Nota de bibliografía, etc. Incluye referencias bibliográficas.
505 0# - NOTA DE CONTENIDO CON FORMATO
Nota de contenido con formato El interés en el tema -- Toma de conciencia de que la misión es misión divina con colaboración humana -- Toma de conciencia de la necesidad del establecimiento de nuevas iglesias -- Plan general del libro -- Razones para establecer iglesias -- Es un mandato bíblico -- Es clave para el crecimiento denominacional -- Las iglesias nuevas y pequeñas son más vitales y crecen más -- La fundación de iglesias dinamiza a otras iglesias -- Se necesitan diferentes tipos de crecimiento para la evangelización mundial -- El “imperativo demográfico” exige nuevas iglesias -- Es el consejo de Elena G. de White -- Fundar iglesias en todas partes es responsabilidad de todos -- Suscitar y organizar nuevas iglesias -- La mano de Dios en la fundación de nuevas iglesias -- Algunos ejemplos de cómo se iniciaron las iglesias cristianas en Latinoamérica -- En el tiempo de la Colonia (1555-1800) -- En la época de la independencia y el liberalismo político (1804-a fines del siglo XIX) -- Las iglesias criollas -- El proyecto educativo -- Cambio de mentalidad (Siglo XX) -- Las Comunidades Eclesiales de Base -- La religiosidad popular y la pobreza favorecen la fundación de iglesias -- Pautas y resumen para la fundación de iglesias -- Algunos ejemplos bíblicos de comunidades religiosas pequeñas -- La base para “crecer y multiplicarse” en el Antiguo Testamento -- La familia de Abraham fue la base de la bendición a todos los clanes -- Faraón ataca la base del crecimiento de Israel en Egipto -- La pequeña comunidad fue la base para sobrevivir en el desierto -- La familia fue la base para que Israel se multiplicara en Babilonia -- La base para “crecer y multiplicarse” en el Nuevo Testamento -- Las iglesias familiares -- La iglesia de Corinto -- La iglesia de Roma -- “La iglesia que está en tu casa” -- Algunos ejemplos de comunidades religiosas pequeñas en la historia cristiana adventista -- Algunos ejemplos de la historia en la iglesia cristiana y también cristiana adventista -- Las iglesias familiares, base para el crecimiento eclesial del siglo XXI -- Dificultades en el establecimiento de iglesias -- Las tres objeciones más comunes para establecer iglesias -- Daña la iglesia madre -- Abrir iglesias cuesta mucho -- Va contra la unidad -- Obstáculos para establecer iglesias -- Establecer iglesias en nuevos municipios de ciudades claves con equipos de jóvenes -- Nueve formas de establecer iglesias a partir de una iglesia madre -- Por desprendimiento de un grupo de miembros -- Hijas por accidente, no planeadas -- Por colonización o traslado de familias -- Por adopción -- Modelo satélite -- Iglesias con múltiples sitios -- Modelo de diversidad de ministerios -- Por medio de grupos pequeños -- Modelo centro de predicación o filial de escuela bíblica -- Once formas de establecer iglesias a partir de agencias misioneras o asociaciones de iglesias -- Modelo de equipos misioneros -- Fundador de iglesias “catalizador” o “espigador” -- Pastor o líder fundador -- Modelo pionero: operativo “rastrillo” con estudios bíblicos -- Aventura cooperativa -- Modelo de revitalización -- Modelo trasplante -- Modelo de metamorfosis -- Modelo de escuelas -- Modelo de migraciones -- Modelo de colportaje -- Las nuevas tecnologías de comunicación potencian el establecimiento de iglesias.
650 14 - PUNTO DE ACCESO ADICIONAL DE MATERIA--TÉRMINO DE MATERIA
Término de materia o nombre geográfico como elemento de entrada Plantación de iglesias.
650 24 - PUNTO DE ACCESO ADICIONAL DE MATERIA--TÉRMINO DE MATERIA
Término de materia o nombre geográfico como elemento de entrada Iglesia Adventista del Séptimo Día
Subdivisión general Historia.
650 24 - PUNTO DE ACCESO ADICIONAL DE MATERIA--TÉRMINO DE MATERIA
Término de materia o nombre geográfico como elemento de entrada Misionología.
710 2# - ENTRADA AGREGADA--NOMBRE DE ENTIDAD CORPORATIVA
Nombre de entidad corporativa o nombre de jurisdicción como elemento de entrada Editorial Universidad Adventista del Plata,
Término indicativo de función/relación editor.
942 ## - ELEMENTOS DE ENTRADA SECUNDARIOS (KOHA)
Fuente del sistema de clasificación o colocación Clasificación Decimal Dewey
Tipo de ítem Koha Libros físicos
980 ## - EQUIVALENCIA O REFERENCIA-CRUZADA-MENCIÓN DE SERIE--NOMBRE DE PERSONA/TÍTULO [LOCAL, CANADÁ]
ID del usuario creador del registro 18228
Nombre del creador del registro Rebeca Esther Huerta Leyton
ID del último usuario que modificó el registro 18226
Nombre del último usuario que modificó el registro Jaime Vilcazán Jefe de Análisis Documental
Existencias
Visto por última vez Total de préstamos Signatura topográfica completa Código de barras Copia número Coste, precio de reemplazo Fecha de reemplazo Facultad Tipo de ítem Koha Estado de pérdida Fuente del sistema de clasificación o colocación Restricciones de uso No para préstamo Colección Programa académico Biblioteca de origen Biblioteca actual Ubicación en estantería Fecha de adquisición Fuente de adquisición
2026-03-15   254.5 R687c 83079 e1 12.00 2026-02-16 Teología Libros físicos No Perdido Clasificación Decimal Dewey No restringido Disponible para préstamos Colección General Teología Biblioteca CRAI UPeU Lima Biblioteca CRAI UPeU Lima Sala principal 2025-12-10 Donación, David Echevarría